Veinte años de apertura económica: el porvenir comprometido de la agricultura familiar en el norte de Costa Rica /
Saved in:
| Main Author: | |
|---|---|
| Other Authors: | |
| Format: | Text |
| Language: | Spanish |
| Subjects: | |
| Tags: |
Add Tag
No Tags, Be the first to tag this record!
|
MARC
| LEADER | 00000 a a2200000 04500 | ||
|---|---|---|---|
| 003 | cru CRAI/IIS | ||
| 005 | 20210708132211.0 | ||
| 008 | 210708b |||||||| |||| 00| 0 spa d | ||
| 040 | |c cru CRAI/IIS | ||
| 100 | 1 | |9 10020 |a Faure, Guy Olivier |e Autor | |
| 245 | 1 | |a Veinte años de apertura económica: |b el porvenir comprometido de la agricultura familiar en el norte de Costa Rica / |c Guy Olivier Faure, Mario Samper | |
| 300 | |a páginas 7-26 : |b map., il., gráfs., tbls. | ||
| 500 | |a Colección Centroamérica | ||
| 650 | 4 | |9 2014 |a DESARROLLO AGROPECUARIO | |
| 650 | 4 | |9 1992 |a EXPLOTACION AGRICOLA | |
| 650 | 0 | |9 671 |a PRODUCCION | |
| 650 | 0 | |9 1997 |a AGRICULTURA DE SUBSISTENCIA | |
| 650 | 0 | |9 140 |a EMPRESAS PRIVADAS | |
| 650 | 4 | |9 1951 |a PRODUCCION AGROPECUARIA | |
| 651 | 0 | |9 10021 |a COSTA RICA. |z REGION HUETAR NORTE | |
| 700 | 1 | |9 7457 |a Samper Kutschbach, Mario |e Autor | |
| 773 | 0 | |0 18765 |9 5207 |a Universidad de Costa Rica. |d San José, Costa Rica: Editorial Universidad de Costa Rica, 1974- |o 03261 |t Anuario de Estudios Centroamericanos / |x 03777316 | |
| 942 | |2 ddc |c PP | ||
| 999 | |c 43753 |d 43753 | ||
